[Event "DVM U14 2022"]
[Site "Kelheim GER"]
[Date "2022.12.27"]
[Round "2"]
[White "Schneble, Milan"]
[Black "Werner, Florin"]
[Result "1/2-1/2"]
[Termination "normal"]
[Board "9.1"]
[WhiteElo "1521"]
[BlackElo "1761"]
[WhiteClock "00:08:46"]
[BlackClock "00:30:40"]
[WhiteTeam "SF Birkenfeld"]
[BlackTeam "VSG 1880 Offenbach"]
[PlyCount "86"]
[WhiteFideId "16266102"]
[BlackFideId "16250230"]
[EventCountry "GER"]
[EventRounds "7"]
[EventType "team-swiss"]
[EventDate "2022.12.26"]

1. d4 {[%clk 01:30:57]} {[%emt 00:00:02]} d5 {[%clk 01:30:49]} {[%emt
00:00:10]} 2. Nf3 {[%clk 01:31:22]} {[%emt 00:00:06]} Nf6 {[%clk 01:31:14]}
{[%emt 00:00:05]} 3. e3 {[%clk 01:31:45]} {[%emt 00:00:07]} c6 {[%clk
01:31:33]} {[%emt 00:00:11]} 4. c4 {[%clk 01:32:02]} {[%emt 00:00:13]} Bf5
{[%clk 01:31:49]} {[%emt 00:00:14]} 5. Nc3 {[%clk 01:31:29]} {[%emt 00:01:03]}
e6 {[%clk 01:32:13]} {[%emt 00:00:06]} 6. Be2 {[%clk 01:31:27]} {[%emt
00:00:32]} dxc4 {[%clk 01:32:19]} {[%emt 00:00:24]} 7. Bxc4 {[%clk 01:31:50]}
{[%emt 00:00:06]} Nbd7 {[%clk 01:32:37]} {[%emt 00:00:12]} 8. O-O {[%clk
01:31:47]} {[%emt 00:00:33]} Be7 {[%clk 01:32:59]} {[%emt 00:00:08]} 9. b3
{[%clk 01:25:13]} {[%emt 00:07:06]} Nb6 {[%clk 01:30:29]} {[%emt 00:03:00]} 10.
Bd3 {[%clk 01:24:22]} {[%emt 00:01:20]} Bxd3 {[%clk 01:30:53]} {[%emt
00:00:06]} 11. Qxd3 {[%clk 01:24:48]} {[%emt 00:00:04]} O-O {[%clk 01:30:22]}
{[%emt 00:01:01]} 12. Bb2 {[%clk 01:23:43]} {[%emt 00:01:35]} c5 {[%clk
01:30:36]} {[%emt 00:00:16]} 13. Rfd1 {[%clk 01:23:28]} {[%emt 00:00:45]} Rc8
{[%clk 01:27:43]} {[%emt 00:03:23]} 14. Rac1 {[%clk 01:22:17]} {[%emt
00:01:40]} c4 {[%clk 01:27:47]} {[%emt 00:00:27]} 15. Qe2 {[%clk 01:17:25]}
{[%emt 00:05:22]} a6 {[%clk 01:22:44]} {[%emt 00:05:34]} 16. Nd2 {[%clk
01:09:42]} {[%emt 00:08:12]} cxb3 {[%clk 01:21:19]} {[%emt 00:01:56]} 17. Nxb3
{[%clk 01:08:29]} {[%emt 00:01:42]} Nc4 {[%clk 01:19:18]} {[%emt 00:02:30]} 18.
Na4 {[%clk 01:05:07]} {[%emt 00:03:52]} b5 {[%clk 01:17:25]} {[%emt 00:02:24]}
19. Nac5 {[%clk 01:05:25]} {[%emt 00:00:11]} Nd5 {[%clk 01:14:17]} {[%emt
00:03:39]} 20. Bc3 {[%clk 00:52:30]} {[%emt 00:13:24]} Nxc3 {[%clk 01:01:05]}
{[%emt 00:13:43]} 21. Rxc3 {[%clk 00:52:50]} {[%emt 00:00:09]} a5 {[%clk
00:59:42]} {[%emt 00:01:53]} 22. a4 {[%clk 00:44:14]} {[%emt 00:09:06]} bxa4
{[%clk 00:59:30]} {[%emt 00:00:44]} 23. Nxa4 {[%clk 00:42:30]} {[%emt
00:02:14]} Nb6 {[%clk 00:56:25]} {[%emt 00:03:34]} 24. Rxc8 {[%clk 00:40:32]}
{[%emt 00:02:28]} Nxc8 {[%clk 00:56:46]} {[%emt 00:00:08]} 25. Nac5 {[%clk
00:38:11]} {[%emt 00:02:52]} Qb6 {[%clk 00:56:31]} {[%emt 00:00:45]} 26. Qa2
{[%clk 00:38:10]} {[%emt 00:00:31]} Rd8 {[%clk 00:56:17]} {[%emt 00:00:43]} 27.
Rc1 {[%clk 00:35:45]} {[%emt 00:02:55]} Bxc5 {[%clk 00:54:55]} {[%emt
00:01:53]} 28. dxc5 {[%clk 00:32:44]} {[%emt 00:03:31]} Qc6 {[%clk 00:51:10]}
{[%emt 00:04:15]} 29. Qxa5 {[%clk 00:32:50]} {[%emt 00:00:23]} Rd5 {[%clk
00:51:36]} {[%emt 00:00:04]} 30. Nd4 {[%clk 00:32:55]} {[%emt 00:00:25]} Qb7
{[%clk 00:51:36]} {[%emt 00:00:29]} 31. Ra1 {[%clk 00:26:51]} {[%emt 00:06:36]}
e5 {[%clk 00:50:03]} {[%emt 00:02:03]} 32. Nc2 {[%clk 00:20:56]} {[%emt
00:06:26]} Qe7 {[%clk 00:47:54]} {[%emt 00:02:39]} 33. Qa3 {[%clk 00:15:53]}
{[%emt 00:05:32]} Rxc5 {[%clk 00:47:41]} {[%emt 00:00:43]} 34. Ne1 {[%clk
00:15:40]} {[%emt 00:00:43]} Qc7 {[%clk 00:45:59]} {[%emt 00:02:12]} 35. Nf3
{[%clk 00:13:55]} {[%emt 00:02:15]} Rc3 {[%clk 00:44:49]} {[%emt 00:01:39]} 36.
Qb2 {[%clk 00:12:41]} {[%emt 00:01:44]} h6 {[%clk 00:38:52]} {[%emt 00:06:28]}
37. h3 {[%clk 00:12:51]} {[%emt 00:00:20]} Ne7 {[%clk 00:32:00]} {[%emt
00:07:21]} 38. Ra7 {[%clk 00:09:26]} {[%emt 00:03:55]} Rc1 {[%clk 00:31:05]}
{[%emt 00:01:25]} 39. Kh2 {[%clk 00:09:49]} {[%emt 00:00:08]} Qxa7 {[%clk
00:31:21]} {[%emt 00:00:13]} 40. Qxc1 {[%clk 00:10:08]} {[%emt 00:00:12]} Qb8
{[%clk 00:31:45]} {[%emt 00:00:05]} 41. Kg1 {[%clk 00:09:27]} {[%emt 00:01:12]}
Qd6 {[%clk 00:31:30]} {[%emt 00:00:44]} 42. Qb2 {[%clk 00:09:15]} {[%emt
00:00:42]} Nc6 {[%clk 00:31:47]} {[%emt 00:00:14]} 43. Qd2 {[%clk 00:08:46]}
{[%emt 00:00:59]} Qxd2 {[%clk 00:30:40]} {[%emt 00:01:37]} 1/2-1/2

[Event "DVM U14 2022"]
[Site "Kelheim GER"]
[Date "2022.12.27"]
[Round "2"]
[White "Derr, Oleg"]
[Black "Ehrlich, Patrick"]
[Result "1-0"]
[Termination "normal"]
[Board "9.2"]
[WhiteElo "1517"]
[BlackElo "1522"]
[WhiteClock "00:37:23"]
[BlackClock "00:33:47"]
[WhiteTeam "VSG 1880 Offenbach"]
[BlackTeam "SF Birkenfeld"]
[PlyCount "75"]
[WhiteFideId "34611517"]
[BlackFideId "34604316"]
[EventCountry "GER"]
[EventRounds "7"]
[EventType "team-swiss"]
[EventDate "2022.12.26"]

1. Nf3 {[%clk 01:30:51]} {[%emt 00:00:09]} d6 {[%clk 01:30:50]} {[%emt
00:00:10]} 2. d4 {[%clk 01:31:06]} {[%emt 00:00:15]} Nf6 {[%clk 01:31:15]}
{[%emt 00:00:06]} 3. c4 {[%clk 01:31:24]} {[%emt 00:00:11]} g6 {[%clk
01:31:28]} {[%emt 00:00:17]} 4. Nc3 {[%clk 01:31:29]} {[%emt 00:00:24]} Bg7
{[%clk 01:31:48]} {[%emt 00:00:11]} 5. e4 {[%clk 01:30:58]} {[%emt 00:01:01]}
O-O {[%clk 01:29:56]} {[%emt 00:02:22]} 6. Be2 {[%clk 01:30:28]} {[%emt
00:01:00]} Bg4 {[%clk 01:29:46]} {[%emt 00:00:40]} 7. h3 {[%clk 01:30:21]}
{[%emt 00:00:37]} Bxf3 {[%clk 01:30:08]} {[%emt 00:00:08]} 8. Bxf3 {[%clk
01:30:45]} {[%emt 00:00:06]} Nc6 {[%clk 01:30:29]} {[%emt 00:00:08]} 9. Be3
{[%clk 01:29:35]} {[%emt 00:01:41]} e5 {[%clk 01:30:23]} {[%emt 00:00:36]} 10.
d5 {[%clk 01:28:46]} {[%emt 00:01:18]} Ne7 {[%clk 01:30:40]} {[%emt 00:00:13]}
11. g4 {[%clk 01:27:48]} {[%emt 00:01:29]} Nd7 {[%clk 01:29:43]} {[%emt
00:01:26]} 12. h4 {[%clk 01:26:06]} {[%emt 00:02:14]} f5 {[%clk 01:28:28]}
{[%emt 00:01:44]} 13. gxf5 {[%clk 01:24:51]} {[%emt 00:01:45]} gxf5 {[%clk
01:28:33]} {[%emt 00:00:25]} 14. Rg1 {[%clk 01:23:47]} {[%emt 00:01:34]} f4
{[%clk 01:28:42]} {[%emt 00:00:21]} 15. Bd2 {[%clk 01:23:43]} {[%emt 00:00:34]}
Kh8 {[%clk 01:27:50]} {[%emt 00:01:22]} 16. h5 {[%clk 01:20:38]} {[%emt
00:03:35]} Rg8 {[%clk 01:24:21]} {[%emt 00:04:00]} 17. Qe2 {[%clk 01:20:36]}
{[%emt 00:00:30]} Bh6 {[%clk 01:23:41]} {[%emt 00:01:11]} 18. O-O-O {[%clk
01:20:19]} {[%emt 00:00:47]} Nf6 {[%clk 01:20:45]} {[%emt 00:03:26]} 19. Bg4
{[%clk 01:17:45]} {[%emt 00:03:04]} Rg5 {[%clk 01:19:33]} {[%emt 00:01:41]} 20.
Bf3 {[%clk 01:14:10]} {[%emt 00:04:06]} Qg8 {[%clk 01:18:24]} {[%emt 00:01:38]}
21. Rxg5 {[%clk 01:09:38]} {[%emt 00:05:03]} Qxg5 {[%clk 01:18:05]} {[%emt
00:00:49]} 22. Nb5 {[%clk 01:07:48]} {[%emt 00:02:19]} Ne8 {[%clk 01:16:13]}
{[%emt 00:02:23]} 23. Bc3 {[%clk 01:02:05]} {[%emt 00:06:13]} Rb8 {[%clk
01:08:44]} {[%emt 00:07:58]} 24. Kb1 {[%clk 00:56:06]} {[%emt 00:06:30]} Qf6
{[%clk 01:08:31]} {[%emt 00:00:43]} 25. Qd3 {[%clk 00:54:53]} {[%emt 00:01:42]}
Bg5 {[%clk 01:07:24]} {[%emt 00:01:38]} 26. Nd4 {[%emt 00:07:33]} Ng7 {[%clk
01:06:10]} 27. Nb5 {[%clk 00:47:50]} {[%emt 00:02:13]} Ne8 {[%clk 01:06:14]}
{[%emt 00:00:27]} 28. Ba5 {[%clk 00:45:54]} {[%emt 00:02:26]} Rc8 {[%clk
01:04:06]} {[%emt 00:02:38]} 29. Bg4 {[%clk 00:45:33]} {[%emt 00:00:50]} Rb8
{[%clk 00:58:11]} {[%emt 00:06:26]} 30. Bxc7 {[%clk 00:44:07]} {[%emt
00:01:56]} Nxc7 {[%clk 00:58:20]} {[%emt 00:00:20]} 31. Nxc7 {[%clk 00:44:27]}
{[%emt 00:00:10]} h6 {[%clk 00:57:42]} {[%emt 00:01:09]} 32. Ne6 {[%clk
00:43:43]} {[%emt 00:01:13]} b6 {[%clk 00:56:07]} {[%emt 00:02:06]} 33. Qa3
{[%clk 00:43:02]} {[%emt 00:01:12]} Nc8 {[%clk 00:56:15]} {[%emt 00:00:21]} 34.
Qa4 {[%clk 00:41:32]} {[%emt 00:01:59]} Qe7 {[%clk 00:49:04]} {[%emt 00:07:41]}
35. Qc6 {[%clk 00:40:32]} {[%emt 00:01:29]} Bh4 {[%clk 00:46:29]} {[%emt
00:03:07]} 36. f3 {[%clk 00:37:50]} {[%emt 00:03:12]} Bg3 {[%clk 00:38:17]}
{[%emt 00:08:41]} 37. Nc7 {[%clk 00:37:12]} {[%emt 00:01:08]} Kg7 {[%clk
00:33:47]} {[%emt 00:05:01]} 38. Na6 {[%clk 00:37:23]} {[%emt 00:00:19]} 1-0

[Event "DVM U14 2022"]
[Site "Kelheim GER"]
[Date "2022.12.27"]
[Round "2"]
[White "Wollscheid, Leon"]
[Black "Laux, Filip"]
[Result "0-1"]
[Termination "normal"]
[Board "9.3"]
[WhiteElo "1123"]
[BlackElo "1451"]
[WhiteClock "01:03:03"]
[BlackClock "00:16:34"]
[WhiteTeam "SF Birkenfeld"]
[BlackTeam "VSG 1880 Offenbach"]
[PlyCount "70"]
[WhiteFideId "34640363"]
[BlackFideId "16275730"]
[EventCountry "GER"]
[EventRounds "7"]
[EventType "team-swiss"]
[EventDate "2022.12.26"]

1. d4 {[%clk 01:30:59]} d5 {[%clk 01:30:35]} {[%emt 00:00:24]} 2. Nf3 {[%clk
01:31:28]} {[%emt 00:00:03]} Nf6 {[%clk 01:30:33]} {[%emt 00:00:31]} 3. e3
{[%clk 01:31:50]} {[%emt 00:00:08]} e6 {[%clk 01:30:25]} {[%emt 00:00:37]} 4.
Bd3 {[%clk 01:32:01]} {[%emt 00:00:20]} Be7 {[%clk 01:28:33]} {[%emt 00:02:22]}
5. Nbd2 {[%clk 01:32:18]} {[%emt 00:00:13]} c5 {[%clk 01:26:38]} {[%emt
00:02:25]} 6. c3 {[%clk 01:32:31]} {[%emt 00:00:17]} Nc6 {[%clk 01:26:01]}
{[%emt 00:01:06]} 7. Ne5 {[%clk 01:32:37]} {[%emt 00:00:25]} Nxe5 {[%clk
01:21:57]} {[%emt 00:04:35]} 8. dxe5 {[%clk 01:32:17]} {[%emt 00:00:50]} Nd7
{[%clk 01:22:03]} {[%emt 00:00:23]} 9. f4 {[%clk 01:32:45]} {[%emt 00:00:02]}
Nf8 {[%clk 01:10:25]} {[%emt 00:12:08]} 10. O-O {[%clk 01:32:42]} {[%emt
00:00:34]} c4 {[%clk 01:09:04]} {[%emt 00:01:50]} 11. Bc2 {[%clk 01:32:53]}
{[%emt 00:00:19]} Qb6 {[%clk 01:08:55]} {[%emt 00:00:38]} 12. Nf3 {[%clk
01:32:55]} {[%emt 00:00:29]} Bd7 {[%clk 01:06:21]} {[%emt 00:03:03]} 13. b3
{[%clk 01:33:03]} {[%emt 00:00:23]} cxb3 {[%clk 00:55:06]} {[%emt 00:11:45]}
14. axb3 {[%clk 01:26:40]} {[%emt 00:06:53]} h6 {[%clk 00:48:55]} {[%emt
00:06:41]} 15. Qd3 {[%clk 01:21:33]} {[%emt 00:05:35]} Bc6 {[%clk 00:38:55]}
{[%emt 00:10:32]} 16. Ba3 {[%clk 01:19:07]} {[%emt 00:02:54]} Bxa3 {[%clk
00:36:51]} {[%emt 00:02:35]} 17. Rxa3 {[%clk 01:19:32]} {[%emt 00:00:06]} O-O-O
{[%clk 00:34:15]} {[%emt 00:03:06]} 18. Rfa1 {[%clk 01:18:49]} {[%emt
00:01:13]} Bb5 {[%clk 00:31:50]} {[%emt 00:02:54]} 19. Qd4 {[%clk 01:17:44]}
{[%emt 00:01:37]} Qxd4 {[%clk 00:31:40]} {[%emt 00:00:40]} 20. exd4 {[%clk
01:18:11]} {[%emt 00:00:03]} a6 {[%clk 00:31:36]} {[%emt 00:00:33]} 21. Nd2
{[%clk 01:15:09]} {[%emt 00:03:32]} Nd7 {[%clk 00:27:31]} {[%emt 00:04:35]} 22.
c4 {[%clk 01:13:59]} {[%emt 00:01:39]} dxc4 {[%clk 00:27:34]} {[%emt 00:00:29]}
23. bxc4 {[%clk 01:14:27]} {[%emt 00:00:02]} Bc6 {[%clk 00:28:01]} {[%emt
00:00:02]} 24. Rc1 {[%clk 01:13:29]} {[%emt 00:01:28]} Nb6 {[%clk 00:27:26]}
{[%emt 00:01:04]} 25. Rd3 {[%clk 01:12:39]} {[%emt 00:01:21]} Rd7 {[%clk
00:22:44]} {[%emt 00:05:12]} 26. Bb3 {[%clk 01:12:17]} {[%emt 00:00:52]} Rhd8
{[%clk 00:22:44]} {[%emt 00:00:30]} 27. Nf1 {[%clk 01:11:57]} {[%emt 00:00:50]}
Rxd4 {[%clk 00:22:28]} {[%emt 00:00:46]} 28. Rxd4 {[%clk 01:11:52]} {[%emt
00:00:36]} Rxd4 {[%clk 00:22:36]} {[%emt 00:00:20]} 29. g3 {[%clk 01:11:06]}
{[%emt 00:01:18]} Rd3 {[%clk 00:20:23]} {[%emt 00:02:37]} 30. Rb1 {[%clk
01:08:29]} {[%emt 00:03:12]} Nd7 {[%clk 00:17:51]} {[%emt 00:03:02]} 31. Bc2
{[%clk 01:05:51]} {[%emt 00:03:08]} Rc3 {[%clk 00:17:28]} {[%emt 00:00:50]} 32.
Bb3 {[%clk 01:05:40]} {[%emt 00:00:44]} Nc5 {[%clk 00:16:28]} {[%emt 00:01:29]}
33. Ba2 {[%clk 01:03:13]} {[%emt 00:02:57]} Rc2 {[%clk 00:16:35]} {[%emt
00:00:22]} 34. Ra1 {[%clk 01:03:16]} {[%emt 00:00:28]} Rg2 {[%clk 00:16:49]}
{[%emt 00:00:15]} 35. Kh1 {[%clk 01:03:03]} {[%emt 00:00:45]} Rxg3# {[%clk
00:16:34]} {[%emt 00:00:14]} 0-1

[Event "DVM U14 2022"]
[Site "Kelheim GER"]
[Date "2022.12.27"]
[Round "2"]
[White "Huber, Benedikt"]
[Black "Pimenov, Danil"]
[Result "1-0"]
[Termination "normal"]
[Board "10.1"]
[WhiteElo "1898"]
[BlackElo "1378"]
[WhiteClock "00:06:44"]
[BlackClock "00:22:32"]
[WhiteTeam "SK Kelheim 1920"]
[BlackTeam "SC Borussia Lichtenberg"]
[PlyCount "148"]
[WhiteFideId "16281225"]
[BlackFideId "34600248"]
[EventCountry "GER"]
[EventRounds "7"]
[EventType "team-swiss"]
[EventDate "2022.12.26"]

1. e4 {[%clk 01:30:56]} {[%emt 00:00:03]} c5 {[%clk 01:30:45]} {[%emt
00:00:15]} 2. Nf3 {[%clk 01:31:18]} {[%emt 00:00:08]} Nc6 {[%clk 01:31:11]}
{[%emt 00:00:05]} 3. d4 {[%clk 01:31:31]} {[%emt 00:00:17]} cxd4 {[%clk
01:31:35]} {[%emt 00:00:06]} 4. Nxd4 {[%clk 01:31:54]} {[%emt 00:00:05]} Nf6
{[%clk 01:32:00]} {[%emt 00:00:06]} 5. Nc3 {[%clk 01:32:17]} {[%emt 00:00:07]}
e5 {[%clk 01:30:48]} {[%emt 00:01:42]} 6. Ndb5 {[%clk 01:32:29]} {[%emt
00:00:19]} d6 {[%clk 01:31:11]} {[%emt 00:00:07]} 7. Nd5 {[%clk 01:32:20]}
{[%emt 00:00:38]} Nxd5 {[%clk 01:31:29]} 8. exd5 {[%clk 01:32:44]} {[%emt
00:00:18]} Nb8 {[%clk 01:31:52]} {[%emt 00:00:07]} 9. c4 {[%clk 01:32:57]}
{[%emt 00:00:16]} Be7 {[%clk 01:31:56]} {[%emt 00:00:26]} 10. Bd3 {[%clk
01:32:54]} {[%emt 00:00:34]} O-O {[%clk 01:31:56]} {[%emt 00:00:30]} 11. O-O
{[%clk 01:32:55]} {[%emt 00:00:29]} f5 {[%clk 01:32:17]} {[%emt 00:00:09]} 12.
f3 {[%clk 01:32:09]} {[%emt 00:01:17]} a6 {[%clk 01:32:40]} {[%emt 00:00:07]}
13. Nc3 {[%clk 01:32:31]} {[%emt 00:00:07]} Nd7 {[%clk 01:33:03]} {[%emt
00:00:07]} 14. a3 {[%clk 01:32:08]} {[%emt 00:00:52]} a5 {[%clk 01:33:06]}
{[%emt 00:00:28]} 15. Be3 {[%clk 01:31:01]} {[%emt 00:01:37]} Bg5 {[%clk
01:32:17]} {[%emt 00:01:19]} 16. Bxg5 {[%clk 01:23:29]} {[%emt 00:08:02]} Qxg5
{[%clk 01:32:39]} {[%emt 00:00:08]} 17. Kh1 {[%clk 01:22:36]} {[%emt 00:01:24]}
Nc5 {[%clk 01:31:53]} {[%emt 00:01:15]} 18. Qc2 {[%clk 01:16:31]} {[%emt
00:06:36]} a4 {[%clk 01:31:25]} {[%emt 00:00:58]} 19. f4 {[%clk 01:09:37]}
{[%emt 00:07:23]} Qh5 {[%clk 01:27:03]} {[%emt 00:04:51]} 20. Rae1 {[%clk
01:00:38]} {[%emt 00:09:29]} e4 {[%clk 01:26:36]} {[%emt 00:00:57]} 21. Be2
{[%clk 00:59:35]} {[%emt 00:01:34]} Qh6 {[%clk 01:25:12]} {[%emt 00:01:53]} 22.
Nb5 {[%clk 00:53:47]} {[%emt 00:06:19]} Bd7 {[%clk 01:21:35]} {[%emt 00:04:07]}
23. Nd4 {[%clk 00:51:40]} {[%emt 00:02:38]} Qf6 {[%clk 01:19:59]} {[%emt
00:02:04]} 24. Rd1 {[%clk 00:49:37]} {[%emt 00:02:34]} Rfc8 {[%clk 01:17:31]}
{[%emt 00:02:58]} 25. Qd2 {[%clk 00:46:40]} {[%emt 00:03:28]} Rc7 {[%clk
01:15:50]} {[%emt 00:02:09]} 26. Qe3 {[%clk 00:46:04]} {[%emt 00:01:05]} Rac8
{[%clk 01:14:18]} {[%emt 00:02:04]} 27. Rc1 {[%clk 00:39:31]} {[%emt 00:07:04]}
b6 {[%clk 01:13:15]} {[%emt 00:01:32]} 28. Rg1 {[%clk 00:28:22]} {[%emt
00:11:40]} Nb7 {[%clk 01:07:00]} {[%emt 00:06:45]} 29. b4 {[%clk 00:18:32]}
{[%emt 00:10:21]} axb3 {[%clk 01:06:51]} {[%emt 00:00:38]} 30. Nxb3 {[%clk
00:18:55]} {[%emt 00:00:07]} Na5 {[%clk 01:01:29]} {[%emt 00:05:52]} 31. Nxa5
{[%clk 00:18:19]} {[%emt 00:01:06]} bxa5 {[%clk 01:01:51]} {[%emt 00:00:08]}
32. Rb1 {[%clk 00:12:26]} {[%emt 00:06:24]} Rc5 {[%clk 00:53:57]} {[%emt
00:08:24]} 33. Rb7 {[%clk 00:10:24]} {[%emt 00:02:32]} R8c7 {[%clk 00:53:45]}
{[%emt 00:00:41]} 34. Rxc7 {[%clk 00:09:21]} {[%emt 00:01:33]} Rxc7 {[%clk
00:54:08]} {[%emt 00:00:07]} 35. Rb1 {[%clk 00:09:01]} {[%emt 00:00:50]} Bc8
{[%clk 00:49:56]} {[%emt 00:04:42]} 36. h3 {[%clk 00:07:25]} {[%emt 00:02:06]}
Qe7 {[%clk 00:47:47]} {[%emt 00:02:38]} 37. Rb8 {[%clk 00:06:11]} {[%emt
00:01:45]} Rc5 {[%clk 00:47:21]} {[%emt 00:00:56]} 38. g4 {[%clk 00:03:52]}
{[%emt 00:02:49]} Qc7 {[%clk 00:43:59]} {[%emt 00:03:52]} 39. Qb3 {[%clk
00:03:11]} {[%emt 00:01:11]} h6 {[%clk 00:28:00]} {[%emt 00:16:28]} 40. gxf5
{[%clk 00:01:45]} {[%emt 00:01:56]} Kh7 {[%clk 00:28:14]} {[%emt 00:00:16]} 41.
Rb5 {[%clk 00:00:33]} {[%emt 00:01:43]} Bxf5 {[%clk 00:22:49]} {[%emt
00:05:55]} 42. Rb7 {[%clk 00:27:21]} {[%emt 00:03:42]} Qd8 {[%clk 00:52:04]}
{[%emt 00:01:14]} 43. Qb2 {[%clk 00:21:43]} {[%emt 00:06:08]} Qf8 {[%clk
00:50:41]} {[%emt 00:01:53]} 44. Bh5 {[%clk 00:15:25]} {[%emt 00:06:49]} Bg6
{[%clk 00:42:23]} {[%emt 00:08:48]} 45. Bxg6 {[%clk 00:14:55]} {[%emt
00:01:00]} Kxg6 {[%clk 00:42:45]} {[%emt 00:00:07]} 46. Qg2 {[%clk 00:05:27]}
{[%emt 00:09:59]} Kh7 {[%clk 00:43:07]} {[%emt 00:00:06]} 47. f5 {[%clk
00:05:54]} {[%emt 00:00:05]} Qf6 {[%clk 00:42:25]} {[%emt 00:01:11]} 48. Qxe4
{[%clk 00:04:58]} {[%emt 00:01:27]} Rc8 {[%clk 00:36:42]} {[%emt 00:06:12]} 49.
Qe6 {[%clk 00:04:12]} {[%emt 00:01:17]} Qa1 {[%clk 00:33:51]} {[%emt 00:03:17]}
50. Kg2 {[%clk 00:03:55]} {[%emt 00:00:49]} Qa2 {[%clk 00:34:06]} {[%emt
00:00:17]} 51. Kg3 {[%clk 00:04:10]} {[%emt 00:00:15]} Qxa3 {[%emt 00:00:49]}
52. Kf2 {[%clk 00:02:30]} {[%emt 00:01:37]} Qa2 {[%clk 00:33:48]} {[%emt
00:01:01]} 53. Kf3 {[%clk 00:02:34]} {[%emt 00:00:24]} Qa3 {[%clk 00:33:04]}
{[%emt 00:01:17]} 54. Qe3 {[%clk 00:02:34]} {[%emt 00:00:30]} Qxe3 {[%clk
00:32:25]} {[%emt 00:01:09]} 55. Kxe3 {[%clk 00:03:02]} {[%emt 00:00:01]} Rxc4
{[%clk 00:32:21]} {[%emt 00:00:34]} 56. f6 {[%clk 00:03:03]} {[%emt 00:00:29]}
Kg8 {[%clk 00:32:07]} {[%emt 00:00:44]} 57. Rxg7 {[%clk 00:03:17]} {[%emt
00:00:17]} Kf8 {[%clk 00:32:31]} {[%emt 00:00:05]} 58. Rd7 {[%clk 00:03:28]}
{[%emt 00:00:19]} Rc8 {[%clk 00:29:38]} {[%emt 00:03:24]} 59. Kf4 {[%clk
00:02:47]} {[%emt 00:01:11]} Rc1 {[%clk 00:28:40]} {[%emt 00:01:26]} 60. Kf5
{[%clk 00:02:25]} {[%emt 00:00:55]} Re1 {[%clk 00:20:59]} {[%emt 00:08:09]} 61.
Ra7 {[%clk 00:02:03]} {[%emt 00:00:53]} Re5 {[%clk 00:19:55]} {[%emt 00:01:34]}
62. Kg6 {[%clk 00:02:29]} {[%emt 00:00:04]} Rg5 {[%clk 00:20:19]} {[%emt
00:00:05]} 63. Kxh6 {[%clk 00:02:55]} {[%emt 00:00:05]} Rxd5 {[%clk 00:20:36]}
{[%emt 00:00:12]} 64. Kg6 {[%clk 00:02:58]} {[%emt 00:00:27]} Re5 {[%clk
00:20:27]} {[%emt 00:00:39]} 65. Ra8 {[%clk 00:03:15]} {[%emt 00:00:14]} Re8
{[%clk 00:20:53]} {[%emt 00:00:04]} 66. Rxe8 {[%clk 00:03:42]} {[%emt
00:00:02]} Kxe8 {[%clk 00:21:18]} {[%emt 00:00:05]} 67. Kg7 {[%clk 00:04:10]}
{[%emt 00:00:03]} Kd7 {[%clk 00:21:11]} {[%emt 00:00:36]} 68. f7 {[%clk
00:04:36]} {[%emt 00:00:04]} Kc6 {[%emt 00:00:16]} 69. f8=Q {[%clk 00:04:58]}
{[%emt 00:00:02]} Kc5 {[%clk 00:21:50]} {[%emt 00:00:12]} 70. Qf4 {[%clk
00:05:08]} {[%emt 00:00:19]} d5 {[%clk 00:21:55]} {[%emt 00:00:25]} 71. Qc7
{[%clk 00:05:27]} {[%emt 00:00:11]} Kb5 {[%clk 00:22:14]} {[%emt 00:00:11]} 72.
Qd8 {[%clk 00:05:52]} {[%emt 00:00:05]} Kc4 {[%clk 00:22:13]} {[%emt 00:00:32]}
73. Qxa5 {[%clk 00:06:16]} {[%emt 00:00:06]} d4 {[%clk 00:22:32]} {[%emt
00:00:11]} 74. Qd2 {[%clk 00:06:44]} {[%emt 00:00:02]} Kd5 {[%emt 00:00:32]}
1-0